[Event "European Team Championship"]
[Site "Reykjavik ISL"]
[Date "2015.11.15"]
[EventDate "2015.11.13"]
[Round "3.7"]
[Result "1/2-1/2"]
[White "Nigel Short"]
[Black "Ante Brkic"]
[WhiteElo "2686"]
[BlackElo "2599"]
[PlyCount "103"]

1. d4 Nf6 2. c4 e6 3. Nc3 Bb4 4. e3 O-O 5. Bd3 d5 6. cxd5 exd5
7. Ne2 Re8 8. Bd2 Bd6 9. Rc1 a6 10. Ng3 Nbd7 11. O-O b5
12. Nce2 Bb7 13. Nf5 Bf8 14. Ba5 Nb6 15. b3 g6 16. Nfg3 Bd6
17. Nf4 Rc8 18. Be2 Qe7 19. Bg4 Nbd7 20. Nd3 Nxg4 21. Qxg4 Qe6
22. Qd1 c5 23. dxc5 Nxc5 24. Bc3 Ne4 25. Bd4 b4 26. Ne2 Rxc1
27. Qxc1 Rc8 28. Qb2 a5 29. Ndf4 Qe7 30. Rc1 Rxc1+ 31. Qxc1
Qc7 32. Qxc7 Bxc7 33. f3 Ng5 34. Kf2 Ne6 35. Nxe6 fxe6 36. f4
Ba6 37. Ke1 Bd3 38. Kd2 Bb1 39. Nc1 Kf7 40. Nd3 Ke7 41. g3 Kd7
42. Nc5+ Kd6 43. g4 h5 44. Kc1 Be4 45. Nxe4+ dxe4 46. Be5+ Kc6
47. Bxc7 Kxc7 48. Kd2 Kd6 49. Ke2 h4 50. Kf2 e5 51. fxe5+ Kxe5
52. h3 1/2-1/2

[Event "European Team Championship"]
[Site "Reykjavik ISL"]
[Date "2015.11.15"]
[EventDate "2015.11.13"]
[Round "3.8"]
[Result "1/2-1/2"]
[White "Jure Borisek"]
[Black "Athanasios Mastrovasilis"]
[WhiteElo "2565"]
[BlackElo "2544"]
[PlyCount "104"]

1. e4 e5 2. Nf3 Nc6 3. Bb5 Nf6 4. d3 Bc5 5. Bxc6 dxc6 6. Nbd2
Nd7 7. O-O O-O 8. Nc4 Re8 9. Bd2 Bd6 10. Bc3 c5 11. a4 f6
12. Nh4 Nf8 13. Nf5 Be6 14. Qf3 Qd7 15. Nce3 Ng6 16. h4 Ne7
17. h5 Rf8 18. Nxe7+ Bxe7 19. Nf5 Bd6 20. h6 g5 21. g3 Rf7
22. Kg2 Bf8 23. Rh1 Rd8 24. Ne3 Bd6 25. b3 Kh8 26. Kf1 Rg8
27. Ke2 Rg6 28. Rh2 b6 29. Kd2 a6 30. Kc1 Bf8 31. Qh1 Bd6
32. Qf1 Bf8 33. Qh1 Bd6 34. f3 Rf8 35. Nc4 b5 36. Nxd6 cxd6
37. axb5 axb5 38. Qe1 b4 39. Bb2 Qb7 40. g4 Rgg8 41. Qe3 Ra8
42. Rxa8 Qxa8 43. Kd1 Qa2 44. Qc1 Rg6 45. Ke2 Rg8 46. Rh1 Ra8
47. Kf2 Kg8 48. Kg3 Kf7 49. Rh2 Kg6 50. Rh1 Kf7 51. Rh2 Kg6
52. Rh1 Kf7 1/2-1/2

[Event "European Team Championship"]
[Site "Reykjavik ISL"]
[Date "2015.11.15"]
[EventDate "2015.11.13"]
[Round "3.8"]
[Result "1/2-1/2"]
[White "Ioannis Nikolaidis"]
[Black "Jure Skoberne"]
[WhiteElo "2563"]
[BlackElo "2544"]
[PlyCount "182"]

1. d4 Nf6 2. c4 g6 3. Nc3 Bg7 4. e4 O-O 5. Nge2 d6 6. Ng3 a6
7. Be2 Nbd7 8. O-O c5 9. d5 b5 10. cxb5 Ne8 11. Bg5 axb5
12. Bxb5 Nc7 13. Be2 Ba6 14. Qd2 Nb6 15. b3 Re8 16. Rac1 Qd7
17. Bh6 Bh8 18. Rfd1 Bxe2 19. Ngxe2 Ra6 20. h4 Rea8 21. h5 Nb5
22. Nxb5 Qxb5 23. Rc2 Ra3 24. Bg5 Kf8 25. hxg6 hxg6 26. Nc1
Nd7 27. Qf4 Ke8 28. Qh4 Bf6 29. Bxf6 exf6 30. f4 Qb6 31. Rc4
Rxa2 32. e5 fxe5 33. fxe5 Nxe5 34. Nxa2 Qxb3 35. Re1 Rxa2
36. Rxc5 Qb6 37. Qh8+ Ke7 38. Rxe5+ dxe5 39. Qxe5+ Kd7 40. d6
Re2 41. Qd5 Re6 42. Kh1 Re1+ 43. Kh2 Qxd6+ 44. Qxd6+ Kxd6
45. Ra5 Ke6 46. g4 Re3 47. Kg2 Rd3 48. Kf2 Kf6 49. Rb5 Ke6
50. Ra5 Rd5 51. Ra7 Kf6 52. Kf3 Rd1 53. Ra5 Re1 54. g5+ Ke6
55. Kf4 Rd1 56. Re5+ Kd6 57. Re8 Rd4+ 58. Kf3 Rd5 59. Kf4 Rf5+
60. Kg4 Re5 61. Ra8 Re4+ 62. Kf3 Rd4 63. Ra6+ Ke7 64. Rb6 Rd6
65. Rb5 Ke6 66. Ke4 Rc6 67. Re5+ Kd6 68. Rd5+ Ke7 69. Ra5 Rc4+
70. Kf3 Rd4 71. Ke3 Rd1 72. Kf4 Ke6 73. Re5+ Kd6 74. Ra5 Rd4+
75. Kf3 Ke6 76. Kg3 Re4 77. Ra6+ Kf5 78. Rf6+ Kxg5 79. Rxf7
Re3+ 80. Kg2 Kg4 81. Ra7 Re2+ 82. Kf1 Rb2 83. Ra3 g5 84. Kg1
Kh4 85. Rc3 g4 86. Rd3 g3 87. Rd1 Kh3 88. Rc1 Rg2+ 89. Kh1
Rh2+ 90. Kg1 Rg2+ 91. Kh1 Rh2+ 1/2-1/2

[Event "European Team Championship"]
[Site "Reykjavik ISL"]
[Date "2015.11.15"]
[EventDate "2015.11.13"]
[Round "3.9"]
[Result "1/2-1/2"]
[White "Johann Hjartarson"]
[Black "Alexander Ipatov"]
[WhiteElo "2529"]
[BlackElo "2624"]
[PlyCount "155"]

1. e4 e5 2. Nf3 Nc6 3. Bb5 a6 4. Ba4 Nge7 5. O-O g6 6. c3 Bg7
7. d4 exd4 8. cxd4 b5 9. Bc2 d6 10. h3 O-O 11. Nc3 Bb7 12. Re1
Qd7 13. a3 Na5 14. Rb1 Nc4 15. b3 Nb6 16. Bb2 Rac8 17. a4 b4
18. Ne2 f5 19. e5 Bxf3 20. gxf3 Nbd5 21. Bd3 a5 22. Rc1 c6
23. Rc2 Rcd8 24. Qc1 Kh8 25. Bc4 f4 26. Kh2 Rf5 27. Bxd5 Nxd5
28. Rxc6 dxe5 29. dxe5 Qe7 30. e6 Qh4 31. Bxg7+ Kxg7 32. Qb2+
Kh6 33. Ng1 Ne7 34. Rc2 Rd3 35. Rce2 Rc3 36. Re5 Qg5 37. Rxf5
Nxf5 38. Re5 Qf6 39. Qe2 Rc1 40. Qd2 Qxe5 41. Qxc1 Nh4 42. Kh1
Qg5 43. Qf1 Kg7 44. Ne2 Qe5 45. Qd1 Qxe6 46. Nxf4 Qf7 47. Qd4+
Kh6 48. Qe3 g5 49. Qb6+ Ng6 50. Nxg6 Qxf3+ 51. Kg1 hxg6
52. Qd8 Kg7 53. Qe7+ Kh6 54. Qe5 Qc3 55. Qe6 Qf3 56. Kf1 g4
57. hxg4 Kg5 58. Ke1 Qxg4 59. Qe7+ Kf4 60. Kd2 Qf5 61. Qe3+
Kg4 62. Qg3+ Kh5 63. Ke3 g5 64. Kd4 g4 65. Qe3 Kg6 66. Kc4 Kf6
67. Qb6+ Kg5 68. Qb5 Kf4 69. Qxf5+ Kxf5 70. Kb5 Ke4 71. Kxa5
Kf3 72. Kxb4 Kxf2 73. a5 g3 74. a6 g2 75. a7 g1=Q 76. a8=Q
Qe1+ 77. Kc4 Qe2+ 78. Kc3 1/2-1/2

[Event "European Team Championship"]
[Site "Reykjavik ISL"]
[Date "2015.11.15"]
[EventDate "2015.11.13"]
[Round "3.9"]
[Result "0-1"]
[White "Fridrik Olafsson"]
[Black "Baris Esen"]
[WhiteElo "2392"]
[BlackElo "2565"]
[PlyCount "90"]

1. d4 Nf6 2. c4 e6 3. Nf3 Bb4+ 4. Bd2 a5 5. Qc2 d6 6. Nc3 Nbd7
7. a3 Bxc3 8. Bxc3 Qe7 9. e3 a4 10. Be2 O-O 11. O-O e5
12. Rae1 Re8 13. Kh1 b6 14. Nd2 Bb7 15. f3 e4 16. d5 exf3
17. Bxf3 Ne5 18. Ne4 Nxe4 19. Qxe4 Qg5 20. Bd1 Qg6 21. Qh4 h6
22. Bh5 Qg5 23. Qxg5 hxg5 24. Bxe5 Rxe5 25. Rxf7 Rf8 26. Rxf8+
Kxf8 27. Bg6 b5 28. Rf1+ Kg8 29. e4 bxc4 30. Kg1 Re7 31. Bf5
c6 32. Be6+ Kh7 33. Rc1 cxd5 34. exd5 Rc7 35. Kf2 Ba6 36. Kg3
Rb7 37. Rc2 Rb3+ 38. Kg4 Kh6 39. Kf5 Re3 40. Rc3 Re5+ 41. Kg4
Re2 42. Kf5 g4 43. Rg3 Rxb2 44. Rxg4 Rf2+ 45. Ke4 c3 0-1

[Event "European Team Championship"]
[Site "Reykjavik ISL"]
[Date "2015.11.15"]
[EventDate "2015.11.13"]
[Round "3.10"]
[Result "1/2-1/2"]
[White "Hannes Stefansson"]
[Black "Liviu Dieter Nisipeanu"]
[WhiteElo "2602"]
[BlackElo "2683"]
[PlyCount "116"]

1. d4 Nf6 2. c4 e6 3. Nf3 d5 4. g3 dxc4 5. Bg2 c5 6. O-O Nc6
7. Qa4 Bd7 8. Qxc4 b5 9. Qd3 c4 10. Qc2 Rc8 11. e4 Nb4 12. Qe2
Nd3 13. Bg5 Be7 14. a4 bxa4 15. Ne5 Qb6 16. Bxf6 gxf6 17. Nxd7
Qxd4 18. Nxf6+ Bxf6 19. Nc3 Rb8 20. Rfb1 O-O 21. Rxa4 Rfc8
22. Bf1 Qd7 23. Ra3 Bd4 24. Nd1 Kh8 25. Qc2 Ne5 26. Be2 Rb6
27. Kg2 Bc5 28. Ra4 Rd6 29. Ra5 Rd2 30. Qc3 Qd4 31. Qxd4 Bxd4
32. Kf1 Rb8 33. f4 Nd3 34. Ra4 Rb4 35. Rxb4 Nxb4 36. Rc1 Nc2
37. h3 a5 38. Bxc4 Bxb2 39. Nxb2 Ne3+ 40. Ke1 Rxb2 41. Rc3
Nxc4 42. Rxc4 Ra2 43. Rc7 Kg7 44. Ra7 a4 45. g4 a3 46. e5 Kg6
47. Ra6 h5 48. f5+ Kg5 49. fxe6 fxe6 50. gxh5 Kxh5 51. Kd1 Kg5
52. Kc1 Kf5 53. Ra5 Ke4 54. h4 Kd4 55. Kb1 Rb2+ 56. Ka1 Rh2
57. Kb1 Rb2+ 58. Ka1 Rh2 1/2-1/2

[Event "European Team Championship"]
[Site "Reykjavik ISL"]
[Date "2015.11.15"]
[EventDate "2015.11.13"]
[Round "3.10"]
[Result "1/2-1/2"]
[White "Dennis Wagner"]
[Black "Henrik Danielsen"]
[WhiteElo "2575"]
[BlackElo "2500"]
[PlyCount "122"]

1. d4 d5 2. c4 c6 3. Nf3 Nf6 4. Nc3 dxc4 5. a4 Bf5 6. e3 e6
7. Bxc4 Bb4 8. O-O Nbd7 9. Qe2 Bg6 10. e4 O-O 11. Bd3 Bh5
12. e5 Nd5 13. Nxd5 cxd5 14. Qe3 Re8 15. Ng5 Bg6 16. Bxg6 fxg6
17. a5 Nf8 18. Bd2 Qe7 19. h4 Rac8 20. Rfc1 h6 21. Nf3 Nd7
22. Qd3 Bxd2 23. Qxd2 Nb8 24. Rc3 a6 25. Rac1 Rxc3 26. Rxc3
Nc6 27. Rc5 Rc8 28. b4 Qd7 29. Qc2 Kf7 30. Qc3 Ne7 31. Rxc8
Qxc8 32. Qxc8 Nxc8 33. Ne1 Ne7 34. g4 Nc6 35. Nc2 Ke7 36. f3
Kd7 37. Kf2 Kc7 38. Ke2 b6 39. axb6+ Kxb6 40. Kd3 Kb5 41. Kc3
Ka4 42. f4 h5 43. gxh5 gxh5 44. Ne1 Nxb4 45. f5 exf5 46. Ng2
Nc6 47. Nf4 Ne7 48. Nxh5 g6 49. Nf4 Kb5 50. Kb3 a5 51. e6 Kc6
52. Ka4 Kd6 53. Kxa5 Nc6+ 54. Kb6 Nxd4 55. e7 Kxe7 56. Nxg6+
Kd6 57. h5 Nf3 58. h6 Ng5 59. Nh4 f4 60. Nf3 Nh7 61. Kb5 Nf6
1/2-1/2

[Event "European Team Championship"]
[Site "Reykjavik ISL"]
[Date "2015.11.15"]
[EventDate "2015.11.13"]
[Round "3.11"]
[Result "1/2-1/2"]
[White "Dragisa Blagojevic"]
[Black "Danyyil Dvirnyy"]
[WhiteElo "2481"]
[BlackElo "2561"]
[PlyCount "217"]

1. d4 d5 2. c4 c6 3. Nc3 Nf6 4. e3 Bf5 5. Bd3 Bxd3 6. Qxd3 e6
7. Nf3 Nbd7 8. O-O Bb4 9. Bd2 a5 10. a3 Be7 11. b3 O-O 12. e4
Nc5 13. dxc5 dxe4 14. Qxd8 Rfxd8 15. Be3 exf3 16. gxf3 Rd3
17. Na4 Rad8 18. Rfb1 Nh5 19. b4 f5 20. bxa5 Bf6 21. Ra2 R8d7
22. Nb6 Rd8 23. Na4 R8d7 24. Nb6 Rd1+ 25. Kg2 Rxb1 26. Nxd7
Bc3 27. Bd2 Bd4 28. Be3 Bc3 29. Bd2 Bd4 30. Be3 e5 31. Nb8
Bxc5 32. a6 bxa6 33. Nxc6 Nf4+ 34. Bxf4 exf4 35. Nb4 a5
36. Na6 Be7 37. c5 Rc1 38. Rd2 Kf7 39. Rd4 g5 40. Ra4 Rc3
41. h3 h5 42. Rxa5 g4 43. hxg4 fxg4 44. fxg4 hxg4 45. Ra4 Bg5
46. Nb4 Ke6 47. c6 Bh4 48. Na2 Rc2 49. Rxf4 Rxa2 50. Rc4 Rxf2+
51. Kg1 Rf8 52. c7 Kd7 53. Rxg4 Bf2+ 54. Kg2 Bb6 55. a4 Bxc7
56. a5 Ra8 57. a6 Rxa6 58. Kf3 Be5 59. Ke4 Ke6 60. Rg6+ Bf6
61. Rg4 Ra5 62. Kf3 Bg5 63. Ke4 Rb5 64. Kf3 Kf5 65. Rg3 Rb3+
66. Kg2 Be3 67. Rf3+ Ke4 68. Rf8 Bf4 69. Re8+ Be5 70. Rf8 Rg3+
71. Kf2 Rh3 72. Ke2 Rb3 73. Rf2 Bf4 74. Rg2 Bg3 75. Kf1 Kf3
76. Rf2+ Kg4 77. Rc2 Re3 78. Re2 Rf3+ 79. Kg2 Bf4 80. Re4 Ra3
81. Kf2 Rh3 82. Ke2 Kf5 83. Re8 Be5 84. Rf8+ Ke4 85. Re8 Rh2+
86. Kd1 Kd4 87. Ke1 Ra2 88. Kf1 Bf4 89. Re2 Ra8 90. Re7 Bg5
91. Re6 Kd3 92. Kf2 Rf8+ 93. Kg3 Be3 94. Kg4 Kd4 95. Re7 Bf4
96. Re1 Be3 97. Ra1 Ke4 98. Ra4+ Bd4 99. Kh3 Rg8 100. Kh4 Rg1
101. Kh5 Ke5 102. Ra5+ Kf6 103. Ra3 Kf5 104. Rf3+ Ke4 105. Ra3
Be5 106. Kh6 Kf5 107. Rf3+ Bf4+ 108. Kh7 Ra1 109. Kg8 1/2-1/2

[Event "European Team Championship"]
[Site "Reykjavik ISL"]
[Date "2015.11.15"]
[EventDate "2015.11.13"]
[Round "3.11"]
[Result "1/2-1/2"]
[White "Axel Rombaldoni"]
[Black "Dragan Kosic"]
[WhiteElo "2539"]
[BlackElo "2470"]
[PlyCount "179"]

1. e4 e6 2. d4 d5 3. e5 c5 4. c3 Nc6 5. Nf3 Bd7 6. Be2 Nge7
7. O-O Ng6 8. g3 Be7 9. h4 cxd4 10. cxd4 O-O 11. h5 Nh8
12. Nc3 f6 13. exf6 Bxf6 14. Bf4 Be8 15. Ne5 Nxe5 16. dxe5 Bg5
17. Bxg5 Qxg5 18. Bg4 Qe7 19. Ne2 Nf7 20. Nf4 Bd7 21. Re1 Ng5
22. Qd4 a6 23. Rac1 Rac8 24. a3 Rc6 25. Rxc6 Bxc6 26. Rc1 Qd7
27. f3 Qf7 28. Kg2 Qe7 29. Rc3 Rd8 30. Kf2 Qe8 31. Rc2 Rc8
32. Qb6 Qd7 33. Rd2 h6 34. Qb4 Rd8 35. Rd4 Re8 36. Ng6 Qd8
37. Qc5 Nf7 38. f4 Qd7 39. Rd2 Nh8 40. Nh4 Nf7 41. Nf3 Nd8
42. Nd4 Qf7 43. Qc2 Bd7 44. Qc7 Nc6 45. Nxc6 bxc6 46. b4 Ra8
47. Be2 Be8 48. Qb6 Qa7 49. Qxa7 Rxa7 50. a4 a5 51. b5 cxb5
52. axb5 Rb7 53. Ra2 Bxb5 54. Rxa5 Bxe2 55. Kxe2 Kf7 56. Ra6
Rc7 57. Kf3 Rc3+ 58. Kg4 Rc7 59. Rd6 Rb7 60. Rc6 Ra7 61. Rb6
Rc7 62. Ra6 Rb7 63. Rc6 Ra7 64. Rb6 Rc7 65. Kh4 Ra7 66. Rb4
Rd7 67. Rd4 Rc7 68. Rb4 Rd7 69. Kg4 Rc7 70. Ra4 Ke7 71. Ra3
Kf7 72. Kf3 Rb7 73. Ke3 g6 74. hxg6+ Kxg6 75. g4 Rb6 76. Ra7
Rb3+ 77. Kf2 h5 78. Ra6 hxg4 79. Rxe6+ Kf5 80. Rf6+ Ke4 81. e6
Rb8 82. Kg3 d4 83. Rf7 d3 84. Rd7 Kf5 85. e7 Re8 86. Rd5+ Ke4
87. Rd7 Kf5 88. Rxd3 Rxe7 89. Rd5+ Kf6 90. Kxg4 1/2-1/2

[Event "European Team Championship"]
[Site "Reykjavik ISL"]
[Date "2015.11.15"]
[EventDate "2015.11.13"]
[Round "3.12"]
[Result "1/2-1/2"]
[White "Nico Georgiadis"]
[Black "Lars Schandorff"]
[WhiteElo "2473"]
[BlackElo "2519"]
[PlyCount "55"]

1. d4 Nf6 2. c4 e6 3. g3 Bb4+ 4. Bd2 c5 5. Bxb4 cxb4 6. Bg2
O-O 7. Nf3 d6 8. O-O Nc6 9. a3 bxa3 10. Nxa3 a6 11. c5 d5
12. Nb5 Rb8 13. Nd6 b6 14. Qa4 Qc7 15. Nxc8 Rfxc8 16. Rfc1 Nd7
17. cxb6 Rxb6 18. Rc2 Qb7 19. Rac1 Na7 20. Rxc8+ Nxc8 21. Ne5
Nf6 22. e4 Ne7 23. exd5 Nexd5 24. Ng4 Nd7 25. Ne5 N7f6 26. Ng4
Nd7 27. Ne5 N7f6 28. Ng4 1/2-1/2

[Event "European Team Championship"]
[Site "Reykjavik ISL"]
[Date "2015.11.15"]
[EventDate "2015.11.13"]
[Round "3.12"]
[Result "1/2-1/2"]
[White "Mads Andersen"]
[Black "Richard Forster"]
[WhiteElo "2459"]
[BlackElo "2459"]
[PlyCount "144"]

1. d4 Nf6 2. c4 g6 3. Nc3 Bg7 4. e4 d6 5. Nf3 O-O 6. Be2 c5
7. O-O Re8 8. h3 cxd4 9. Nxd4 Nbd7 10. Be3 a6 11. Qc2 b6
12. Rfd1 Bb7 13. f3 Rc8 14. Qd2 Ne5 15. b3 e6 16. Rac1 Qe7
17. Nc2 b5 18. cxb5 Rxc3 19. Qxc3 Nxe4 20. Qe1 Nc3 21. bxa6
Nxd1 22. Qxd1 Ba8 23. Nd4 d5 24. Bb5 Rd8 25. f4 Nd7 26. a7 Nb6
27. Nc6 Bxc6 28. Rxc6 d4 29. Rxb6 Qxa7 30. Ra6 Qb8 31. Bc6
dxe3 32. Qxd8+ Qxd8 33. Ra8 Qxa8 34. Bxa8 Kf8 35. Kf1 Ke7
36. Ke2 Kd6 37. Kxe3 Kc5 38. Kd3 Kb4 39. Bc6 e5 40. Ke4 f5+
41. Kf3 e4+ 42. Ke2 Bb2 43. Bd5 Bc1 44. Bg8 h5 45. Bf7 Bxf4
46. Bxg6 h4 47. Bxf5 Ka3 48. Bxe4 Kxa2 49. b4 Kb3 50. b5 Bc7
51. Kf3 Kb4 52. Kg4 Kxb5 53. Kxh4 Kc5 54. Kg5 Kd6 55. Kg6 Ke7
56. h4 Kf8 57. Bd5 Bg3 58. h5 Be1 59. g4 Bd2 60. Kh7 Bc1
61. Bc4 Bd2 62. Kg6 Bc1 63. Kf6 Bd2 64. Bb3 Bc1 65. Kg6 Bd2
66. h6 Bc1 67. Bf7 Bd2 68. Be6 Bc1 69. g5 Bd2 70. Kh5 Bc1
71. g6 Bb2 72. Kg5 Bc3 1/2-1/2

[Event "European Team Championship"]
[Site "Reykjavik ISL"]
[Date "2015.11.15"]
[EventDate "2015.11.13"]
[Round "3.13"]
[Result "1-0"]
[White "Viktor Laznicka"]
[Black "Mikael Agopov"]
[WhiteElo "2665"]
[BlackElo "2452"]
[PlyCount "101"]

1. d4 Nf6 2. c4 e6 3. Nc3 Bb4 4. e3 O-O 5. Ne2 Re8 6. a3 Bf8
7. d5 a5 8. g3 Na6 9. Bg2 Nc5 10. b3 e5 11. e4 c6 12. O-O b5
13. cxb5 cxb5 14. Bd2 Bb7 15. b4 axb4 16. axb4 Rxa1 17. Qxa1
Nb3 18. Qb2 Nxd2 19. Qxd2 Bxb4 20. Rb1 Ba5 21. Rxb5 Ba6
22. Rb3 Qc7 23. Qb2 Rc8 24. Bf3 g6 25. Kg2 Kg7 26. g4 h6
27. h4 d6 28. Nd1 Bxe2 29. Qxe2 Qc1 30. Ne3 Bd2 31. Rd3 Bb4
32. Rd1 Qc3 33. Rd3 Qc7 34. Nf1 Qa7 35. Rb3 Bc5 36. Rb2 Bd4
37. Rc2 Rb8 38. Nd2 Qa1 39. Qd1 Qa4 40. Nc4 Rc8 41. Ne3 Ra8
42. Nc4 Qb4 43. Qd2 Qb3 44. Nxd6 Ra1 45. Nxf7 Ne8 46. Qxh6+
Kxf7 47. Rc6 Rg1+ 48. Kxg1 Qxf3 49. Qxg6+ Kf8 50. Qf5+ Qxf5
51. exf5 1-0

[Event "European Team Championship"]
[Site "Reykjavik ISL"]
[Date "2015.11.15"]
[EventDate "2015.11.13"]
[Round "3.14"]
[Result "1-0"]
[White "Tiger Hillarp Persson"]
[Black "Davit Shengelia"]
[WhiteElo "2539"]
[BlackElo "2579"]
[PlyCount "141"]

1. d4 Nf6 2. c4 e6 3. Nc3 Bb4 4. e3 b6 5. Ne2 Ba6 6. a3 Bxc3+
7. Nxc3 d5 8. b3 O-O 9. Be2 Nc6 10. a4 Qd7 11. O-O Rfd8
12. Bb2 dxc4 13. bxc4 Na5 14. Nb5 c6 15. Na3 c5 16. Qc2 cxd4
17. exd4 Rac8 18. Rac1 Bb7 19. Bc3 Be4 20. Qb2 Qxa4 21. Bxa5
bxa5 22. Rfd1 Rb8 23. Qa1 Rb3 24. Nb5 Qb4 25. d5 Rb2 26. Nd4
Rb8 27. Kf1 Qc5 28. Nb5 Bxg2+ 29. Kxg2 Rxe2 30. Qd4 Qxd4
31. Nxd4 Ra2 32. Rb1 Rc8 33. Nc6 Kf8 34. d6 g5 35. Ne5 Re2
36. Rb5 a4 37. Kf1 Re4 38. f3 Re3 39. Kf2 Rc3 40. Rb7 Rc2+
41. Ke3 Kg8 42. Rc7 Rb8 43. Rxf7 Rc3+ 44. Rd3 Rxd3+ 45. Kxd3
a3 46. Rxa7 Rb1 47. d7 Nxd7 48. Nxd7 Kg7 49. Nc5+ Kf6 50. Rxa3
Rd1+ 51. Ke3 Re1+ 52. Kf2 Rc1 53. Ra5 h6 54. Ne4+ Kg6 55. Re5
Rxc4 56. Rxe6+ Kg7 57. Kg3 Rc1 58. Nd6 h5 59. Ne4 g4 60. fxg4
Rg1+ 61. Kh4 hxg4 62. Nf2 Rg2 63. Nxg4 Ra2 64. Kg5 Ra5+
65. Ne5 Rb5 66. h4 Ra5 67. h5 Rb5 68. Re7+ Kf8 69. Kf6 Rb6+
70. Re6 Rb1 71. Ng6+ 1-0

[Event "European Team Championship"]
[Site "Reykjavik ISL"]
[Date "2015.11.15"]
[EventDate "2015.11.13"]
[Round "3.14"]
[Result "1/2-1/2"]
[White "Robert Kreisl"]
[Black "Erik Blomqvist"]
[WhiteElo "2442"]
[BlackElo "2486"]
[PlyCount "172"]

1. d4 d5 2. c4 c6 3. Nf3 Nf6 4. g3 Bf5 5. Nc3 e6 6. Nh4 dxc4
7. Nxf5 exf5 8. e3 Nbd7 9. Bxc4 Nb6 10. Bb3 Be7 11. O-O O-O
12. Qe2 Qd7 13. Rd1 Rfe8 14. Bd2 g6 15. Be1 Rad8 16. a4 a5
17. Na2 Ra8 18. Nc1 Bd6 19. Nd3 Qe7 20. Rac1 Nbd5 21. Qf3 Kg7
22. Rc2 h5 23. h4 Qc7 24. Ne5 Bxe5 25. dxe5 Qxe5 26. Bxd5 Nxd5
27. Rc5 Qe4 28. Qxe4 fxe4 29. b3 f6 30. Rxa5 Rxa5 31. Bxa5 Kf7
32. Rd4 f5 33. Kf1 Ke6 34. Be1 Rd8 35. a5 Rd7 36. Ra4 Nc7
37. Rb4 Nb5 38. Ra4 Kd6 39. Ke2 c5 40. Rc4 Kd5 41. Rc1 Rd6
42. Rd1+ Kc6 43. Rc1 Rd5 44. b4 Nd6 45. bxc5 Rxc5 46. Ra1 Rc2+
47. Kd1 Rb2 48. Kc1 Rb5 49. a6 bxa6 50. Rxa6+ Rb6 51. Ra8 Nb7
52. Ba5 Rb3 53. Kc2 Ra3 54. Rc8+ Kb5 55. Bc3 Nc5 56. Rb8+ Kc4
57. Rb4+ Kd5 58. Bd4 Nd3 59. Rb6 Ra2+ 60. Kc3 Ra3+ 61. Kd2
Ra2+ 62. Kc3 Rxf2 63. Rxg6 Nc1 64. Bb6 Ne2+ 65. Kb4 Rf1
66. Bc7 Rb1+ 67. Ka5 Rb3 68. Rf6 Rxe3 69. Rxf5+ Kc4 70. Rxh5
Nxg3 71. Rg5 Ne2 72. Rg2 Nd4 73. Rh2 Rb3 74. Ka6 e3 75. h5 e2
76. Rh1 Nc2 77. Ba5 Ra3 78. Kb6 e1=Q 79. Bxe1 Nxe1 80. h6 Ra8
81. Rxe1 Rh8 82. Rh1 Kd5 83. Kc7 Ke6 84. h7 Kf6 85. Kd7 Kg6
86. Rg1+ Kxh7 1/2-1/2

[Event "European Team Championship"]
[Site "Reykjavik ISL"]
[Date "2015.11.15"]
[EventDate "2015.11.13"]
[Round "3.15"]
[Result "0-1"]
[White "Mindaugas Beinoras"]
[Black "Viorel Iordachescu"]
[WhiteElo "2340"]
[BlackElo "2581"]
[PlyCount "108"]

1. d4 Nf6 2. c4 e6 3. Nf3 c5 4. e3 cxd4 5. exd4 d5 6. Nc3 Bb4
7. Bd3 dxc4 8. Bxc4 O-O 9. O-O a6 10. Bg5 b5 11. Bd3 Be7
12. a4 b4 13. Ne4 Bb7 14. Nc5 Bd5 15. Ne5 a5 16. Rc1 h6
17. Bf4 Ra7 18. Qd2 Ba8 19. Kh1 Bxc5 20. Rxc5 Nfd7 21. Nxd7
Nxd7 22. Rc2 Nf6 23. Bb5 Ne4 24. Qe3 Nd6 25. Bd3 Nf5 26. Bxf5
exf5 27. Rc5 Re8 28. Re5 Rxe5 29. Qxe5 Rd7 30. Be3 Rd5 31. Qg3
Rd6 32. f3 Re6 33. Re1 Bc6 34. Bf4 Rxe1+ 35. Qxe1 Qxd4 36. Qd2
Qc4 37. Be3 g5 38. h3 Kh7 39. Qd4 Qe6 40. Qb6 g4 41. hxg4 fxg4
42. Kg1 gxf3 43. gxf3 Qd5 44. Kf2 Qxf3+ 45. Ke1 h5 46. Qd4 Be4
47. Bf2 h4 48. Qd8 h3 49. Bd4 Qg3+ 50. Kd1 Bf3+ 51. Kd2 Qf4+
52. Be3 Qh2+ 53. Kc1 Qh1+ 54. Kc2 Qd1+ 0-1

[Event "European Team Championship"]
[Site "Reykjavik ISL"]
[Date "2015.11.15"]
[EventDate "2015.11.13"]
[Round "3.15"]
[Result "1/2-1/2"]
[White "Valerii Iovcov"]
[Black "Tautvydas Vedrickas"]
[WhiteElo "2421"]
[BlackElo "2320"]
[PlyCount "106"]

1. e4 g6 2. d4 Bg7 3. Nf3 d6 4. c3 Nf6 5. Bd3 O-O 6. O-O Nc6
7. d5 Nb8 8. c4 Bg4 9. h3 Bxf3 10. Qxf3 Na6 11. Nc3 Nc5
12. Bc2 a5 13. Bd2 Nfd7 14. Rab1 e6 15. Rfe1 f5 16. dxe6 Ne5
17. Qg3 f4 18. Bxf4 Nxe6 19. Be3 Bf6 20. f4 Bh4 21. Qh2 Bxe1
22. Rxe1 Qh4 23. Rf1 Nxc4 24. Bf2 Qxf4 25. Qxf4 Nxf4 26. Bb3
d5 27. Bg3 Nh5 28. Rxf8+ Kxf8 29. Bxc7 a4 30. Nxa4 Rc8
31. Bxc4 dxc4 32. Bd6+ Kf7 33. Kf2 Rc6 34. e5 Nf4 35. Kf3 Nd3
36. Ke4 b5 37. Nc3 b4 38. Na4 Ke6 39. Kd4 Rc8 40. Nb6 c3
41. bxc3 Rxc3 42. Nd5 Rc1 43. Nc7+ Rxc7 44. Bxc7 Nc1 45. Kc4
Nxa2 46. Bd6 Nc3 47. Bxb4 Nd5 48. Bd2 Kxe5 49. Kd3 Nf4+
50. Ke3 Nxg2+ 51. Kf3 Nh4+ 52. Kg4 Nf5 53. h4 Nxh4 1/2-1/2

[Event "European Team Championship"]
[Site "Reykjavik ISL"]
[Date "2015.11.15"]
[EventDate "2015.11.13"]
[Round "3.17"]
[Result "1/2-1/2"]
[White "Thibaut Vandenbussche"]
[Black "Perparim Makoli"]
[WhiteElo "2421"]
[BlackElo "2223"]
[PlyCount "129"]

1. e4 c5 2. Nf3 e6 3. d4 cxd4 4. Nxd4 a6 5. Nc3 Qc7 6. g3 Nf6
7. Bg2 Be7 8. O-O Nc6 9. Re1 d6 10. Nxc6 bxc6 11. e5 dxe5
12. Rxe5 O-O 13. Bf4 Bd6 14. Rxe6 Bxf4 15. Rxc6 Qb8 16. gxf4
Ra7 17. Qd6 Bf5 18. Qxb8 Rxb8 19. b3 Bxc2 20. Rc1 Bf5 21. Ne4
Ne8 22. Nc5 a5 23. Be4 Bxe4 24. Nxe4 g6 25. Rc8 Raa8 26. Nf6+
Kh8 27. Rxe8+ Rxe8 28. Nxe8 Rxe8 29. Rc4 Rd8 30. Kg2 Kg7
31. Kf3 Rd5 32. Ke3 Rh5 33. Ra4 Kf6 34. h4 Ke6 35. Re4+ Kd6
36. Re5 Rxe5+ 37. fxe5+ Kxe5 38. a3 h6 39. b4 a4 40. f4+ Kd5
41. Kd3 f6 42. Ke3 Kd6 43. Kd4 Kc6 44. Kc4 Kd6 45. Kb5 g5
46. fxg5 fxg5 47. hxg5 hxg5 48. Kc4 Ke5 49. Kd3 Kd5 50. Ke3
Ke5 51. Kf3 Kf5 52. Kf2 Kf4 53. Kg2 Ke4 54. Kg3 Ke5 55. Kg2
Ke4 56. Kf2 Kf4 57. Kg2 Ke4 58. Kg3 Ke5 59. Kg4 Kf6 60. Kf3
Kf5 61. Ke2 Ke4 62. Kf1 Kf5 63. Kg1 Ke5 64. Kh2 Kf4 65. Kg2
1/2-1/2

[Event "European Team Championship"]
[Site "Reykjavik ISL"]
[Date "2015.11.15"]
[EventDate "2015.11.13"]
[Round "3.18"]
[Result "0-1"]
[White "Alan Tate"]
[Black "Igor Kovalenko"]
[WhiteElo "2337"]
[BlackElo "2694"]
[PlyCount "120"]

1. e4 c5 2. Nf3 e6 3. d4 cxd4 4. Nxd4 Nc6 5. Nc3 d6 6. g4 a6
7. Be3 Nge7 8. f4 Nxd4 9. Qxd4 Nc6 10. Qd2 b5 11. O-O-O Bd7
12. Kb1 Qc7 13. g5 Qb7 14. Bg2 Be7 15. h4 O-O-O 16. Rhe1 Kb8
17. Nd5 Be8 18. Nxe7 Nxe7 19. Bc5 Nc8 20. Bd4 Rg8 21. a3 Bc6
22. Qc3 g6 23. Rd3 Rd7 24. Bf6 Nb6 25. Qd4 Rc8 26. Red1 d5
27. exd5 Bxd5 28. Qe5+ Ka8 29. Bxd5 Nxd5 30. Rd4 Rdc7 31. R1d2
Rc4 32. c3 Qc6 33. Bg7 Kb7 34. Rxc4 Qxc4 35. Qd4 Qb3 36. Qe4
a5 37. Be5 Rc6 38. Qd3 Qa4 39. Qf3 Qc4 40. Qd1 Qe4+ 41. Ka1
Rc4 42. h5 Ka6 43. hxg6 hxg6 44. Qf1 a4 45. Qf2 Qh1+ 46. Ka2
Kb7 47. Rd4 Rxd4 48. Qxd4 Qf1 49. Qd2 Qc4+ 50. Ka1 Qc6 51. Bd4
Ne7 52. Qh2 Qd7 53. Qh8 Nc6 54. Qf8 Na5 55. Kb1 Nb3 56. Qg7
Ka6 57. Qh8 Qc6 58. Ka2 Nd2 59. b3 Nxb3 60. Kb1 Qe4+ 0-1

[Event "European Team Championship"]
[Site "Reykjavik ISL"]
[Date "2015.11.15"]
[EventDate "2015.11.13"]
[Round "3.18"]
[Result "0-1"]
[White "Andrew Burnett"]
[Black "Normunds Miezis"]
[WhiteElo "2234"]
[BlackElo "2496"]
[PlyCount "128"]

1. e4 c5 2. Nf3 e6 3. d4 cxd4 4. Nxd4 a6 5. Bd3 Nc6 6. Nxc6
dxc6 7. O-O e5 8. Nd2 Nf6 9. Nc4 Nd7 10. a4 Bc5 11. Qe2 O-O
12. a5 Qe7 13. c3 Nf6 14. Be3 Bxe3 15. Qxe3 Rd8 16. Nb6 Rb8
17. Nxc8 Rbxc8 18. Be2 c5 19. Bc4 Qd6 20. f4 Re8 21. Rad1 exf4
22. Qxf4 Qxf4 23. Rxf4 Rc7 24. Bd5 h5 25. c4 Ng4 26. Rd3 Ne5
27. Rb3 Ree7 28. Rb6 Kf8 29. Rf5 g6 30. Rf1 Kg7 31. h3 Nd3
32. Rf3 Nb4 33. Rb3 Rcd7 34. Rg3 Nc2 35. Rd3 Rc7 36. Rd2 Nb4
37. Rf2 Nc6 38. b3 Nb4 39. Rf3 Rcd7 40. Rc3 Nxd5 41. exd5 Re1+
42. Kf2 Ra1 43. b4 cxb4 44. Rxb4 Rxa5 45. Ke3 Ra2 46. g3 Rg2
47. Kd4 b5 48. Kc5 bxc4 49. Kc6 Rd8 50. Rb7 Rd2 51. Rf3 R2xd5
52. Rfxf7+ Kh6 53. h4 R8d6+ 54. Kc7 c3 55. Kb8 Rd8+ 56. Ka7
Rh8 57. Kxa6 Rd3 58. Rbc7 Rxg3 59. Kb5 Rg4 60. Rxc3 Rb8+
61. Kc6 Rc8+ 62. Rc7 Rxc7+ 63. Kxc7 Rxh4 64. Kd6 Re4 0-1